| 000 | 00597nam a22001697a 4500 | ||
|---|---|---|---|
| 005 | 20180118140847.0 | ||
| 010 | _aENG-122105 | ||
| 020 |
_a9789352606894 _c795.00 |
||
| 035 | _aEN-105637 | ||
| 037 | _bDBAD/PUB | ||
| 082 | _a624 | ||
| 245 |
_aGATE : _btopic- wise previous year solved paper for civil engineering / |
||
| 260 |
_aTamil Nadu _bMcGraw Hill Education (India) _cc2017 |
||
| 270 | _a444/1, Sri Ekambara Naicker Industrial Estate, Alapakkam, Porur, Chennai-600116, Tamil Nadu, India | ||
| 300 |
_axii, various pages. _c28cm(pbk) _bill. |
||
| 942 |
_2ddc _cEN _h624 _mGAT |
||
| 999 |
_c149288 _d149288 |
||